| 000 | 00571nam a22002057a 4500 | ||
|---|---|---|---|
| 005 | 20241205102950.0 | ||
| 008 | 241205b ||||| |||| 00| 0 eng d | ||
| 020 | _a9789384746360 | ||
| 040 | _cAL | ||
| 041 | _aEnglish | ||
| 082 |
_223 _a343.0721 _bSHAG |
||
| 100 |
_aK K Sharma _9187800 |
||
| 245 | _aGuide to Competition Law | ||
| 260 |
_aGurgaon _bThomson Reuters _c2016 |
||
| 300 |
_acxxv,1266 p. _bHB _c24x16 cm. |
||
| 365 |
_a1060 _b₹1825.00 _c₹ _d₹2500.00 _e27% _f28-11-2024 |
||
| 650 |
_aLaw _9187801 |
||
| 700 |
_aSHARMA (K K) _9187802 |
||
| 942 |
_2ddc _cREF |
||
| 999 |
_c232087 _d232087 |
||